| 000 | 00572nam a22001937a 4500 | ||
|---|---|---|---|
| 005 | 20251108175211.0 | ||
| 008 | 250721s1993 xx 000 0 ara d | ||
| 082 | 1 | 4 | _a928.1/عبد |
| 100 | 1 | _aعبد اللطيف، محمد فهمي | |
| 245 | 1 | 0 | _aفلاسفة وصعاليك / |
| 264 | 1 |
_aالقاهرة _ مصر : _bدار ومطابع المستقبل، _c1993. |
|
| 300 | _a224ص. | ||
| 650 | 1 | 7 | _aالادب العربي |
| 650 | 1 | 7 | _aالفلسفة |
| 650 | 1 | 7 | _aالتراجم |
| 650 | 1 | 7 | _aالنقد الادبي |
| 942 |
_2ddc _cBK |
||
| 999 |
_c128545 _d128545 |
||